000 00603nam a2200157Ia 4500
999 _c17592
_d17592
082 _aTG.0234
100 _aGangappa, K.
245 0 _aOrganisation and functioning of Andhra Pradesh State Road Transport Corporation : A case study of Anantpur Depot
260 _c1981
_bSri Venkateswara University
300 _a214p. + C D -6
650 _aTRANSPORTATION, AUTOMOTIVE - ANDHRA PRADESH - ANANTPUR
650 _aTRANSPORTATION AND STATE///ANDHRA PRADESH STATE ROAD TRANSPORT CORPORATION
650 _aANDHRA PRADESH STATE ROAD TRANSPORT CORPORATION
710 _aNagaraja Naidu, V.
942 _cTH
_2ddc